000 00921nam a2200217 a 4500
001 000012575
005 20200929163036.0
008 091113s1996 dr abc 000 0 spa d
020 _a9706421335
040 _aDO-SdBNP
_bspa
_cBNPHU
082 _axxxx
_bN964m
245 0 0 _aNuestro medio 2. /
_cdirección editorial Obdulia García de Escobar ; ilustración Julián Amado, Braulio Brito y Nelson Gómez.
260 _aSanto Domingo :
_bSantillana,
_c1996.
300 _a127 p. :
_bil., map., retrs. ;
_c28 cm.
500 _aEsta libro está aprobado como texto de nuestro medio para segundo grado por la Secretaría de Estado de Educación, Bellas Artes y Cultos, mediante el oficio No. 1750 de fecha 7 de agosto de 1996
700 _aGarca Escobar, Obdulia de,
_edir. ed.
_929281
700 1 _aAmado, Julián,
_eil.
_929282
701 1 _aBrito, Braulio,
_eil.
700 1 _aGómez, Nelson,
_eil.
_929279
049 _aBNPD
999 _c12230
_d12230